[Event "GER-chT U14"]
[Site "Regensburg"]
[Date "2014.12.30"]
[Round "7.4"]
[White "Buzatu, Alexander"]
[Black "Stankoski, Aleksandr"]
[Result "1-0"]
[WhiteElo "1428"]
[BlackElo "1197"]
[PlyCount "97"]
[EventDate "2014.12.27"]
[EventType "team-swiss"]
[EventRounds "7"]
[EventCountry "GER"]
[SourceTitle "EXT 2018"]
[Source "ChessBase"]
[SourceDate "2017.10.13"]
[SourceVersion "1"]
[SourceVersionDate "2017.10.13"]
[SourceQuality "1"]
[WhiteTeam "Erlangen"]
[BlackTeam "Frankfurt TV"]
[WhiteTeamCountry "GER"]
[BlackTeamCountry "GER"]

1. e4 e5 2. Nf3 Nc6 3. Bc4 Bc5 4. 0-0 Nf6 5. d4 Bxd4 6. Nxd4 Nxd4 7. Bg5 d6 8. f4 Qe7 9. Nc3 c6 10. fxe5 Qxe5 11. Bf4 Qc5 12. Bxf7+ Kxf7 13. Be3 Ke7 14. Bxd4 Qb4 15. a3 Qa5 16. Qe1 Qg5 17. e5 dxe5 18. Bxe5 Kf7 19. Bxf6 gxf6 20. Ne4 Qe5 21. Nxf6 Qxe1 22. Raxe1 Kg6 23. c3 Rf8 24. Ne4 Bf5 25. Nd6 b6 26. Nxf5 Rxf5 27. Re6+ Kg5 28. Rxf5+ Kxf5 29. Rxc6 h5 30. Rd6 Re8 31. Kf2 Re5 32. b4 Re4 33. Rd5+ Kg6 34. Rd4 Re5 35. g3 Rf5+ 36. Rf4 Rd5 37. Ke2 Kg5 38. Re4 Kf5 39. Rf4+ Kg5 40. Re4 a5 41. c4 Rf5 42. h4+ Kf6 43. Rf4 Rxf4 44. gxf4 Kf5 45. bxa5 bxa5 46. Kf3 Ke6 47. Ke4 a4 48. f5+ Kd6 49. c5+ 1-0

[Event "Hessen-ch U12"]
[Site "Bad Homburg"]
[Date "2012.??.??"]
[Round "3"]
[White "Kuehner, Tobias"]
[Black "Stankoski, Aleksandr"]
[Result "1-0"]
[WhiteElo "963"]
[BlackElo "789"]
[PlyCount "95"]
[EventDate "2012.04.??"]
[EventType "swiss"]
[EventRounds "9"]
[EventCountry "GER"]
[SourceTitle "EXT 2015"]
[Source "ChessBase"]
[SourceDate "2014.11.20"]
[SourceVersion "1"]
[SourceVersionDate "2014.11.20"]
[SourceQuality "1"]

1. e4 e5 2. Nf3 Nc6 3. Bc4 Bc5 4. Nc3 Nf6 5. d3 h6 6. Qe2 d6 7. Be3 Bd4 8. Bxd4 Nxd4 9. Nxd4 exd4 10. Nd5 0-0 11. 0-0 Qe8 12. Nxf6+ gxf6 13. Qf3 Be6 14. Qg3+ Kh7 15. Bd5 Rg8 16. Qf3 Rg4 17. h3 Rg5 18. Rfe1 Qg8 19. Bxe6 fxe6 20. g3 Rf8 21. e5 fxe5 22. Qxb7 Rgf5 23. Qe4 d5 24. Qg2 Qf7 25. Re2 h5 26. Rf1 Rg5 27. h4 Rg4 28. Rxe5 Rg6 29. Rxh5+ Rh6 30. Rxh6+ Kxh6 31. g4 Qf4 32. Qg3 Qd2 33. Qxc7 Rg8 34. g5+ Kh5 35. Qf7+ Rg6 36. Qh7+ Rh6 37. Qxh6+ Kg4 38. Qxe6+ Kf3 39. Qh3+ Kf4 40. Qg3+ Kf5 41. Qf3+ Kg6 42. Qg4 Qxc2 43. h5+ Kg7 44. Qd7+ Kg8 45. Qe8+ Kg7 46. h6+ Kh7 47. Qf7+ Kh8 48. Qg7# 1-0

[Event "Hessen-ch U12"]
[Site "Bad Homburg"]
[Date "2012.??.??"]
[Round "9"]
[White "Stankoski, Aleksandr"]
[Black "Lehrer, Simon"]
[Result "1-0"]
[WhiteElo "789"]
[BlackElo "846"]
[PlyCount "47"]
[EventDate "2012.04.??"]
[EventType "swiss"]
[EventRounds "9"]
[EventCountry "GER"]
[SourceTitle "EXT 2015"]
[Source "ChessBase"]
[SourceDate "2014.11.20"]
[SourceVersion "1"]
[SourceVersionDate "2014.11.20"]
[SourceQuality "1"]

1. e4 e5 2. Bc4 Nf6 3. d3 Nc6 4. Nc3 Bc5 5. Nf3 Ng4 6. 0-0 Nxf2 7. Rxf2 Bxf2+ 8. Kxf2 0-0 9. Ng5 Qf6+ 10. Kg1 Nd8 11. Qe2 d6 12. Nd5 Qg6 13. Ne7+ Kh8 14. Nxg6+ fxg6 15. Qe3 Bd7 16. Bd2 Nc6 17. Bb5 Rf6 18. Bxc6 Bxc6 19. Qh3 h6 20. Rf1 Raf8 21. Rxf6 Rxf6 22. Qc8+ Be8 23. Qxe8+ Rf8 24. Qxf8# 1-0

[Event "Hessen-ch U12"]
[Site "Bad Homburg"]
[Date "2012.??.??"]
[Round "7"]
[White "Stankoski, Aleksandr"]
[Black "Westhof, Benedikt"]
[Result "1-0"]
[WhiteElo "789"]
[BlackElo "754"]
[PlyCount "75"]
[EventDate "2012.04.??"]
[EventType "swiss"]
[EventRounds "9"]
[EventCountry "GER"]
[SourceTitle "EXT 2015"]
[Source "ChessBase"]
[SourceDate "2014.11.20"]
[SourceVersion "1"]
[SourceVersionDate "2014.11.20"]
[SourceQuality "1"]

1. e4 e5 2. Bc4 Nc6 3. d3 Nf6 4. Bg5 Bc5 5. Nf3 h6 6. Bh4 0-0 7. 0-0 d6 8. h3 a6 9. Nc3 b5 10. Bd5 Bb7 11. a3 Rb8 12. Bxc6 Bxc6 13. d4 Bb6 14. dxe5 dxe5 15. Qxd8 Rbxd8 16. Nxe5 Bb7 17. Nd5 Bxd5 18. exd5 Rxd5 19. Nc6 Rd2 20. Rac1 Ne4 21. Rce1 Rxc2 22. Ne7+ Kh8 23. Rxe4 Rxb2 24. Rf4 Ra2 25. Ng6+ Kg8 26. Nxf8 Kxf8 27. Rd1 c5 28. Re4 Rxa3 29. Bd8 Ba7 30. Bc7 f6 31. Rg4 c4 32. Re1 Ra2 33. Bd6+ Kf7 34. Re7+ Kf8 35. Rxa7+ Ke8 36. Rgxg7 Ra1+ 37. Kh2 Rd1 38. Rg8# 1-0